Η μουσική ως φάρμακο : η βιολογική προσέγγιση της μουσικής θεραπείας
Αποθηκεύτηκε σε:
| Κύριος συγγραφέας: | |
|---|---|
| Μορφή: | Βιβλίο |
| Γλώσσα: | Greek |
| Δημοσίευση: |
Αθήνα :
Παπαζήση,
2018.
|
| Θέματα: | |
| Ετικέτες: |
Προσθήκη ετικέτας
Δεν υπάρχουν, Καταχωρήστε ετικέτα πρώτοι!
|
MARC
| LEADER | 00000cam a2200000 a 4500 | ||
|---|---|---|---|
| 001 | 1/120919 | ||
| 008 | 200213s2018####gr ||||||| |||| ||gre|| | ||
| 020 | |a 9789600234619 | ||
| 040 | |a GR-MyUa |b gre |c GR-MyUa |e AACR2 | ||
| 041 | 0 | |a gre | |
| 082 | 7 | |a 615.85154 |2 (23) | |
| 100 | 1 | |a Δρίτσας, Θανάσης. | |
| 245 | 1 | 2 | |a Η μουσική ως φάρμακο : |b η βιολογική προσέγγιση της μουσικής θεραπείας / |c Θανάσης Δρίτσας. |
| 260 | |a Αθήνα : |b Παπαζήση, |c 2018. | ||
| 300 | |a 150 σ. ; |c 24 εκ. | ||
| 650 | 0 | |a Music | |
| 650 | 0 | |a Music therapy | |
| 852 | |a INST |b LESVOS |c EUDOXUS |e 20200213 |h 615.85154 ΔΡΙ |p 005100062642 |q 005100062642 |t EDX |y 0 | ||
| 920 | |a Εύδοξος |b Παραγγελία |y Λέσβος-ΤΠ |z 2020-02 | ||
| 970 | |a Δημάκη |b Μαρία |z 13-02-2020 | ||